000
00262nam a22001217a 4500
008
180926b xxu||||| |||| 00| 0 eng d
041
_a
eng
080
_a
910
100
_a
42
101
_a
GJEO
245
_a
America's Wonderlands
_c
Wirth,C.L
942
_2
udc
_c
BK
999
_c
48484
_d
48484